[Event "Grand Swiss "]
[Date "2025.09.14"]
[White "Niemann, Hans Moke"]
[Black "Mishra, Abhimanyu"]
[WhiteElo "2733"]
[BlackElo "2611"]
[Round "9.9.5"]
[Result "1/2-1/2"]

1. d4 {[%clk 01:40:47] [%emt 00:00:10]} Nf6 {[%clk 01:40:58] [%emt 00:00:04]} 2.
c4 {[%clk 01:40:52] [%emt 00:00:24]} g6 {[%clk 01:41:23] [%emt 00:00:05]} 3. h4
{[%emt 00:01:42]} d5 {[%clk 01:40:55] [%emt 00:00:16]} 4. cxd5 {[%clk 01:40:31]
[%emt 00:00:20]} c5 {[%emt 00:00:22]} 5. dxc6 {[%clk 01:40:18] [%emt 00:00:24]}
Nxc6 {[%clk 01:41:43] [%emt 00:00:09]} 6. Nf3 {[%clk 01:39:59] [%emt 00:00:48]}
Bg7 {[%clk 01:41:54] [%emt 00:00:19]} 7. Nc3 {[%clk 01:15:04] [%emt 00:02:07]}
O-O 8. e3 {[%emt 00:25:10]} Bf5 {[%emt 00:00:33]} 9. Bd2 {[%clk 01:12:31] [%emt
00:02:59]} a6 10. Rc1 {[%clk 01:09:48] [%emt 00:08:33]} Rc8 11. Be2 {[%clk
00:56:50] [%emt 00:05:23]} Re8 12. Ng5 {[%emt 00:42:10]} e5 {[%emt 00:07:10]}
13. g4 {[%emt 00:08:06]} Bd7 {[%emt 00:00:40]} 14. d5 {[%clk 00:35:23] [%emt
00:03:07]} Nd4 {[%clk 00:53:45]} 15. f3 {[%clk 00:35:23]} Nxe2 {[%clk 00:48:25]
[%emt 00:21:08]} 16. Qxe2 {[%emt 00:10:37]} h6 {[%emt 00:00:23]} 17. Nge4 {[%emt
00:00:41]} Nxe4 {[%emt 00:02:17]} 18. Nxe4 {[%emt 00:03:03]} Rxc1+ {[%clk
00:35:16] [%emt 00:00:11]} 19. Bxc1 {[%clk 00:34:11] [%emt 00:04:01]} Qa5+ 20.
Qd2 {[%emt 00:01:29]} Qxa2 {[%clk 00:31:32] [%emt 00:00:22]} 21. g5 {[%clk
00:31:24] [%emt 00:02:46]} h5 22. b4 {[%emt 00:15:03]} Qa4 {[%emt 00:02:05]} 23.
Bb2 {[%emt 00:03:51]} b6 {[%emt 00:02:47]} 24. O-O {[%emt 00:03:57]} Bf5 {[%emt
00:14:18]} 25. Ra1 {[%clk 00:10:16] [%emt 00:01:10]} Qb3 {[%emt 00:09:03]} 26.
Nf2 {[%emt 00:00:39]} Bd7 {[%emt 00:01:58]} 27. Rc1 {[%emt 00:07:07]} Rd8 {[%clk
00:04:25] [%emt 00:00:55]} 28. Kg2 {[%emt 00:02:24]} a5 {[%emt 00:00:18]} 29.
bxa5 {[%clk 00:02:59] [%emt 00:00:21]} bxa5 {[%emt 00:00:38]} 30. Qxa5 {[%emt
00:01:05]} Rb8 {[%emt 00:01:40]} 31. Bc3 {[%emt 00:01:22]} Rc8 {[%clk 00:00:58]
[%emt 00:00:37]} 32. e4 {[%emt 00:00:40]} Bf8 {[%clk 00:01:05] [%emt 00:00:09]}
33. Bd2 {[%clk 00:01:30]} Rxc1 {[%clk 00:01:12] [%emt 00:01:09]} 34. Bxc1 {[%clk
00:01:57]} Bb5 {[%clk 00:01:23] [%emt 00:00:21]} 35. Bd2 {[%clk 00:01:53]} Be2
{[%clk 00:00:43] [%emt 00:01:44]} 36. Qc3 {[%clk 00:01:41]} Qb1 {[%clk 00:01:02]
[%emt 00:00:53]} 37. Bc1 {[%clk 00:01:23]} Bd6 {[%clk 00:00:42] [%emt 00:01:38]}
38. Qb2 {[%clk 00:01:13]} Qxb2 {[%clk 00:01:03] [%emt 00:00:50]} 39. Bxb2 {[%clk
00:01:41]} Kf8 {[%clk 00:01:06] [%emt 00:00:29]} 40. Nh1 {[%clk 00:01:49]} Bd1
{[%clk 00:01:04] [%emt 00:00:54]} 41. Ng3 {[%clk 00:01:12]} Ke7 {[%clk 00:43:55]
[%emt 00:08:47]} 42. Nf1 {[%clk 00:51:27]} Be2 {[%clk 00:41:46] [%emt 00:02:53]}
43. Bc3 {[%clk 00:47:27]} Bxf1+ {[%clk 00:26:16] [%emt 00:20:31]} 44. Kxf1
{[%emt 00:00:56]} Bc7 {[%clk 00:23:33] [%emt 00:03:12]} 45. Ke2 {[%clk
00:46:47]} Kd6 {[%emt 00:07:38]} 46. Bb4+ {[%clk 00:45:41]} Kd7 {[%clk 00:19:06]
[%emt 00:00:09]} 47. Be1 {[%clk 00:45:23]} Bd6 {[%clk 00:18:47] [%emt 00:01:38]}
48. Bg3 {[%clk 00:45:34]} Bc7 {[%clk 00:16:22] [%emt 00:03:13]} 49. Kd3 {[%emt
00:00:37]} Bd6 {[%clk 00:16:15] [%emt 00:00:07]} 50. Kc4 {[%emt 00:00:46]} Bc7
{[%clk 00:15:47] [%emt 00:00:19]} 51. Kb5 {[%clk 00:44:56] [%emt 00:00:41]} Bd6
52. Be1 {[%clk 00:44:56]} Bc7 {[%emt 00:05:23]} 53. Bb4 {[%clk 00:39:04] [%emt
00:00:40]} Bd8 54. Ba3 Bc7 {[%clk 00:14:19]} 55. Bc5 Bd8 {[%clk 00:14:19]} 56.
Ba7 Bc7 {[%clk 00:14:19]} 57. Bb6 Bd6 {[%clk 00:14:19]} 58. Bc5 Bc7 {[%clk
00:14:19]} 59. Bf8 Bb8 {[%clk 00:14:19]} 60. Kb6 Bc7+ {[%clk 00:14:19]} 61. Kc5
Ba5 {[%clk 00:14:19]} 62. Bd6 Bc3 {[%clk 00:14:19]} 63. Kc4 {[%clk 00:39:04]}
Bb2 {[%clk 00:14:19]} 64. Bb4 {[%clk 00:39:04]} Bc1 {[%clk 00:14:19]} 65. Kd3
{[%clk 00:39:04]} Bf4 {[%clk 00:14:19]} 66. Be1 {[%clk 00:39:04]} Kd6 {[%clk
00:14:19]} 67. Bf2 {[%clk 00:39:04]} Bc1 {[%clk 00:14:19]} 68. Kc4 {[%clk
00:39:04]} Kd7 {[%clk 00:14:19]} 69. Bg3 {[%clk 00:39:04]} Bb2 {[%clk 00:14:19]}
70. Bh2 {[%clk 00:39:04]} Kd6 {[%clk 00:14:19]} 71. Bg1 {[%clk 00:39:04]} Kd7
{[%clk 00:14:19]} 72. Ba7 {[%clk 00:39:04]} Bc1 {[%clk 00:14:19]} 73. Kd3 {[%clk
00:39:04]} Bf4 {[%clk 00:14:19]} 74. Ke2 {[%clk 00:39:04]} Bc1 {[%clk 00:14:19]}
75. Bc5 {[%clk 00:39:04]} Kc7 {[%clk 00:14:19]} 76. Kd1 {[%clk 00:39:04]} Bf4
{[%clk 00:14:19]} 77. Bf2 {[%clk 00:39:04]} Kd7 {[%emt 01:22:31]} 78. Kc2 {[%clk
00:18:56] [%emt 00:00:26]} Kd6 79. Kd3 Bc1 {[%clk 00:09:41]} 80. Be3 {[%clk
00:18:56]} Ba3 {[%clk 00:09:41]} 81. Ba7 {[%clk 00:18:56]} Kc7 {[%clk 00:09:41]}
82. Kc4 {[%clk 00:18:56]} Bc1 {[%clk 00:09:41]} 83. Bf2 {[%clk 00:18:56]} Kd6
{[%clk 00:09:41]} 84. Kd3 {[%clk 00:18:24]} Ba3 {[%clk 00:09:41]} 85. Be3 {[%clk
00:18:56]} Kd7 {[%clk 00:09:41]} 86. f4 {[%clk 00:18:56]} exf4 {[%clk 00:09:41]}
87. Bxf4 {[%clk 00:18:56]} Bc5 {[%emt 00:16:04]} 88. Bg3 {[%clk 00:15:10]} Bb4
{[%clk 00:06:55] [%emt 00:02:18]} 89. Kd4 {[%clk 00:15:27]} Ba5 {[%clk 00:06:26]
[%emt 00:01:56]} 90. Kd3 {[%clk 00:15:08]} Bb4 {[%clk 00:06:26] [%emt 00:00:35]}
91. Ke2 {[%clk 00:15:29]} Bc3 {[%clk 00:06:41] [%emt 00:00:23]} 92. Be1 {[%clk
00:15:39]} Be5 {[%clk 00:06:49] [%emt 00:00:42]} 93. Kf3 {[%clk 00:16:03]} Bd6
{[%emt 00:00:38]} 94. Bc3 {[%clk 00:16:23]} Bc7 {[%clk 00:06:58] [%emt
00:00:30]} 95. Bd4 {[%clk 00:16:32]} Bd6 {[%clk 00:07:20] [%emt 00:00:28]} 96.
Bf2 {[%clk 00:16:34]} Bc7 {[%clk 00:07:39] [%emt 00:00:39]} 97. Bg3 {[%clk
00:16:56]} Ba5 {[%clk 00:08:04] [%emt 00:00:14]} 98. Ke2 {[%emt 00:00:06]} Bc3
{[%clk 00:08:14] [%emt 00:00:18]} 99. Kd3 {[%clk 00:17:47]} Bb4 {[%clk 00:08:33]
[%emt 00:00:16]} 100. Kd4 {[%clk 00:17:57]} Ba5 {[%emt 00:01:31]} 101. Ke5
{[%emt 00:00:31]} Bc3+ {[%clk 00:09:03] [%emt 00:00:04]} 102. Kf4 {[%clk
00:17:36]} Bd2+ {[%emt 00:00:46]} 103. Kf3 {[%emt 00:00:14]} Ba5 {[%clk
00:09:09] [%emt 00:00:02]} 104. Ke2 {[%clk 00:18:25]} Bc3 {[%emt 00:02:05]}
1/2-1/2

[Site "Europe Echecs"]

[Event "Grand Swiss "]
[Date "2025.09.14"]
[White "Praggnanandhaa R"]
[Black "Liang, Awonder"]
[WhiteElo "2785"]
[BlackElo "2698"]
[Round "9.9.6"]
[Result "1/2-1/2"]

1. Nf3 {[%clk 01:40:18] [%emt 00:00:41]} Nf6 {[%clk 01:40:52] [%emt 00:00:09]}
2. g3 {[%clk 01:40:43] [%emt 00:00:05]} e6 {[%clk 01:41:12] [%emt 00:00:11]} 3.
Bg2 {[%clk 01:41:08] [%emt 00:00:05]} d5 {[%clk 01:41:33] [%emt 00:00:09]} 4.
O-O {[%clk 01:41:22] [%emt 00:00:15]} Be7 {[%clk 01:41:57] [%emt 00:00:06]} 5.
c4 {[%clk 01:41:43] [%emt 00:00:08]} O-O {[%clk 01:42:21] [%emt 00:00:07]} 6. d4
{[%clk 01:42:08] [%emt 00:00:05]} c6 {[%clk 01:41:10] [%emt 00:01:41]} 7. Nc3
{[%clk 01:42:05] [%emt 00:00:31]} b6 {[%clk 01:41:34] [%emt 00:00:08]} 8. Nd2
{[%clk 01:25:43] [%emt 00:16:52]} a5 {[%clk 01:36:47] [%emt 00:05:17]} 9. e4
{[%clk 01:22:51] [%emt 00:03:21]} Ba6 {[%clk 01:33:56] [%emt 00:03:21]} 10. b3
{[%clk 01:18:47] [%emt 00:04:34]} Ra7 {[%clk 01:31:39] [%emt 00:02:47]} 11. Re1
{[%clk 01:04:24] [%emt 00:14:53]} dxe4 {[%clk 01:25:31] [%emt 00:06:38]} 12.
Ndxe4 {[%clk 01:02:56] [%emt 00:01:57]} Rd7 {[%clk 01:23:37] [%emt 00:02:24]}
13. Qc2 {[%clk 00:55:11] [%emt 00:08:15]} Rxd4 {[%clk 01:21:53] [%emt 00:02:14]}
14. Ng5 {[%clk 00:53:37] [%emt 00:02:03]} Rd7 {[%clk 01:00:01] [%emt 00:22:23]}
15. h4 {[%clk 00:46:53] [%emt 00:07:14]} c5 {[%clk 00:45:53] [%emt 00:14:38]}
16. Nce4 {[%clk 00:35:50] [%emt 00:11:33]} g6 {[%clk 00:45:52] [%emt 00:00:31]}
17. Bb2 {[%clk 00:28:32] [%emt 00:07:48]} Nxe4 {[%clk 00:45:42] [%emt 00:00:40]}
18. Qxe4 {[%clk 00:23:04] [%emt 00:05:58]} Bf6 {[%clk 00:45:51] [%emt 00:00:21]}
19. Bxf6 {[%clk 00:18:03] [%emt 00:05:30]} Qxf6 {[%clk 00:45:51] [%emt
00:00:31]} 20. Qe3 {[%clk 00:18:02] [%emt 00:00:30]} Rfd8 {[%clk 00:29:22] [%emt
00:17:00]} 21. Ne4 {[%clk 00:17:10] [%emt 00:01:22]} Qg7 {[%clk 00:29:29] [%emt
00:00:23]} 22. Qf4 {[%clk 00:15:01] [%emt 00:02:38]} Kh8 {[%clk 00:27:26] [%emt
00:02:34]} 23. h5 {[%clk 00:12:59] [%emt 00:02:32]} h6 {[%clk 00:16:16] [%emt
00:11:40]} 24. hxg6 {[%clk 00:13:11] [%emt 00:00:19]} f5 {[%clk 00:15:38] [%emt
00:01:07]} 25. Nc3 {[%clk 00:08:59] [%emt 00:04:42]} Qxc3 {[%clk 00:15:59] [%emt
00:00:09]} 26. Qxh6+ {[%clk 00:09:13] [%emt 00:00:16]} Kg8 {[%clk 00:16:28]
[%emt 00:00:01]} 27. g7 {[%clk 00:08:58] [%emt 00:00:46]} Qxg7 {[%clk 00:16:29]
[%emt 00:00:29]} 28. Qxe6+ {[%clk 00:09:22] [%emt 00:00:05]} Kh8 {[%clk
00:15:16] [%emt 00:01:43]} 29. Qxb6 {[%clk 00:04:31] [%emt 00:05:22]} f4 {[%clk
00:14:44] [%emt 00:01:03]} 30. Qxc5 {[%clk 00:03:47] [%emt 00:01:14]} fxg3
{[%clk 00:03:55] [%emt 00:11:19]} 31. Qh5+ {[%clk 00:04:06] [%emt 00:00:10]} Kg8
{[%clk 00:03:08] [%emt 00:01:18]} 32. Re8+ {[%clk 00:03:31] [%emt 00:01:05]}
Rxe8 {[%clk 00:03:36] [%emt 00:00:02]} 33. Qxe8+ {[%clk 00:03:56] [%emt
00:00:05]} Qf8 {[%clk 00:02:26] [%emt 00:01:40]} 34. Qe6+ {[%clk 00:02:04] [%emt
00:02:21]} Kh8 {[%clk 00:00:52] [%emt 00:02:05]} 35. Qe5+ {[%clk 00:01:04] [%emt
00:01:31]} Rg7 {[%clk 00:01:18] [%emt 00:00:04]} 36. Rd1 {[%clk 00:00:34] [%emt
00:01:00]} Nc6 {[%clk 00:01:06] [%emt 00:00:42]} 37. Qh5+ {[%clk 00:00:35] [%emt
00:00:29]} Rh7 {[%clk 00:01:35] [%emt 00:00:02]} 38. Qf3 {[%clk 00:00:53] [%emt
00:00:12]} gxf2+ {[%clk 00:00:34] [%emt 00:01:32]} 39. Qxf2 {[%clk 00:01:19]
[%emt 00:00:04]} Qxf2+ {[%clk 00:00:55] [%emt 00:00:09]} 40. Kxf2 {[%clk
00:01:47]} Rf7+ {[%clk 00:00:49] [%emt 00:00:35]} 41. Ke3 {[%clk 00:47:17] [%emt
00:04:59]} Re7+ {[%clk 00:50:50] [%emt 00:00:30]} 42. Kf2 {[%clk 00:40:25] [%emt
00:07:22]} Rf7+ {[%clk 00:50:50] [%emt 00:00:30]} 43. Kg1 {[%clk 00:40:38] [%emt
00:00:17]} Bb7 {[%clk 00:39:15] [%emt 00:12:05]} 44. Rd5 {[%clk 00:36:49] [%emt
00:04:17]} Nb4 {[%clk 00:36:20] [%emt 00:03:27]} 45. Rh5+ {[%clk 00:33:28] [%emt
00:03:50]} Kg8 {[%clk 00:36:35] [%emt 00:00:15]} 46. Bxb7 {[%clk 00:33:17] [%emt
00:00:42]} Rxb7 {[%clk 00:36:58] [%emt 00:00:06]} 47. Rxa5 {[%clk 00:33:45]
[%emt 00:00:03]} Kf7 {[%clk 00:37:05] [%emt 00:00:23]} 48. Kf2 {[%clk 00:32:49]
[%emt 00:01:24]} Ke6 {[%clk 00:37:30] [%emt 00:00:06]} 49. Ke3 {[%clk 00:32:36]
[%emt 00:00:42]} Kd6 {[%clk 00:37:53] [%emt 00:00:06]} 50. a4 {[%clk 00:29:37]
[%emt 00:03:30]} Nc2+ {[%clk 00:35:27] [%emt 00:02:57]} 51. Kd3 {[%clk 00:29:36]
[%emt 00:00:31]} Na1 {[%clk 00:35:29] [%emt 00:00:29]} 52. Rb5 {[%clk 00:29:09]
[%emt 00:00:57]} Rxb5 {[%clk 00:35:40] [%emt 00:00:19]} 53. cxb5 {[%clk
00:29:22] [%emt 00:00:16]} Nxb3 {[%clk 00:36:05] [%emt 00:00:05]} 54. Kc4 {[%clk
00:29:49] [%emt 00:00:03]} Na5+ {[%clk 00:36:26] [%emt 00:00:08]} 55. Kb4 {[%clk
00:30:16] [%emt 00:00:03]} Nc6+ {[%clk 00:36:52] [%emt 00:00:04]} 56. bxc6
{[%clk 00:30:43] [%emt 00:00:03]} Kxc6 {[%clk 00:37:18] [%emt 00:00:04]} 57. a5
{[%clk 00:31:11] [%emt 00:00:02]} Kb7 {[%clk 00:37:44] [%emt 00:00:04]} 58. a6+
{[%clk 00:31:40] [%emt 00:00:02]} Kxa6 {[%emt 00:00:05]} 1/2-1/2

[Site "Europe Echecs"]

[Event "Grand Swiss "]
[Date "2025.09.14"]
[White "Saric, Ivan"]
[Black "Nepomniachtchi, Ian"]
[WhiteElo "2655"]
[BlackElo "2742"]
[Round "9.9.8"]
[Result "1/2-1/2"]

1. e4 {[%clk 01:40:58] [%emt 00:00:01]} c5 {[%clk 01:40:56] [%emt 00:00:04]} 2.
Nf3 {[%clk 01:41:23] [%emt 00:00:04]} d6 {[%clk 01:41:24] [%emt 00:00:02]} 3. d4
{[%clk 01:41:45] [%emt 00:00:09]} cxd4 {[%clk 01:41:49] [%emt 00:00:05]} 4. Nxd4
{[%clk 01:42:12] [%emt 00:00:03]} Nf6 {[%clk 01:42:14] [%emt 00:00:05]} 5. Nc3
{[%clk 01:42:37] [%emt 00:00:05]} a6 {[%clk 01:42:42] [%emt 00:00:03]} 6. Be3
{[%clk 01:42:02] [%emt 00:01:05]} e5 {[%clk 01:43:06] [%emt 00:00:06]} 7. Nb3
{[%clk 01:42:28] [%emt 00:00:03]} Be6 {[%clk 01:43:32] [%emt 00:00:04]} 8. f3
{[%clk 01:42:52] [%emt 00:00:06]} Nc6 {[%clk 01:43:59] [%emt 00:00:03]} 9. Qe2
{[%clk 01:38:46] [%emt 00:04:36]} Ne7 {[%clk 01:43:28] [%emt 00:01:02]} 10. g4
{[%clk 01:37:17] [%emt 00:01:59]} h6 {[%clk 01:42:55] [%emt 00:01:02]} 11. O-O-O
{[%clk 01:37:36] [%emt 00:00:11]} d5 {[%clk 01:43:21] [%emt 00:00:04]} 12. Nd4
{[%clk 01:36:15] [%emt 00:01:51]} exd4 {[%clk 01:43:37] [%emt 00:00:14]} 13.
Bxd4 {[%clk 01:36:38] [%emt 00:00:07]} Qa5 {[%clk 01:43:43] [%emt 00:00:24]} 14.
Bxf6 {[%clk 01:36:31] [%emt 00:00:37]} dxe4 {[%clk 01:44:10] [%emt 00:00:03]}
15. Qxe4 {[%clk 01:33:04] [%emt 00:03:57]} gxf6 {[%clk 01:44:33] [%emt
00:00:08]} 16. Qxb7 {[%clk 01:33:17] [%emt 00:00:17]} Rc8 {[%clk 01:44:56] [%emt
00:00:06]} 17. Bxa6 {[%clk 01:19:07] [%emt 00:14:40]} Bg7 {[%clk 01:41:45] [%emt
00:03:40]} 18. Qb5+ {[%clk 01:10:02] [%emt 00:09:35]} Qxb5 {[%clk 01:41:53]
[%emt 00:00:21]} 19. Nxb5 {[%clk 01:10:05] [%emt 00:00:28]} Rb8 {[%clk 01:38:02]
[%emt 00:04:20]} 20. Nc7+ {[%clk 01:09:24] [%emt 00:01:11]} Kf8 {[%clk 01:38:19]
[%emt 00:00:13]} 21. Nxe6+ {[%clk 00:51:10] [%emt 00:18:44]} fxe6 {[%clk
01:36:49] [%emt 00:01:58]} 22. Bc4 {[%clk 00:47:35] [%emt 00:04:06]} e5 {[%clk
01:25:53] [%emt 00:11:26]} 23. Rd6 {[%clk 00:42:38] [%emt 00:05:26]} h5 {[%clk
01:25:07] [%emt 00:01:16]} 24. Rhd1 {[%clk 00:42:42] [%emt 00:00:27]} Ke8 {[%clk
01:23:10] [%emt 00:02:27]} 25. h3 {[%clk 00:40:11] [%emt 00:03:01]} hxg4 {[%clk
01:23:00] [%emt 00:00:40]} 26. hxg4 {[%clk 00:40:37] [%emt 00:00:05]} Rh3 {[%clk
01:21:28] [%emt 00:02:02]} 27. a4 {[%clk 00:30:57] [%emt 00:10:11]} Rxf3 {[%clk
01:16:32] [%emt 00:05:25]} 28. a5 {[%clk 00:21:07] [%emt 00:10:20]} Rf4 {[%clk
01:15:27] [%emt 00:01:34]} 29. Bb3 {[%clk 00:21:16] [%emt 00:00:22]} Rxg4 {[%clk
01:10:19] [%emt 00:05:38]} 30. a6 {[%clk 00:21:13] [%emt 00:00:33]} Rd4 {[%clk
00:57:16] [%emt 00:13:32]} 31. R1xd4 {[%clk 00:21:04] [%emt 00:00:39]} exd4
{[%clk 00:57:41] [%emt 00:00:06]} 32. Ba4+ {[%clk 00:10:29] [%emt 00:11:06]} Kf7
{[%clk 00:55:47] [%emt 00:02:23]} 33. b4 {[%clk 00:06:47] [%emt 00:04:13]} Bh6+
{[%clk 00:55:02] [%emt 00:01:14]} 34. Kd1 {[%clk 00:06:47] [%emt 00:00:29]} Bf4
{[%clk 00:51:13] [%emt 00:04:20]} 35. Bb3+ {[%clk 00:06:59] [%emt 00:00:18]} Kg6
{[%clk 00:48:42] [%emt 00:03:00]} 36. Rd7 {[%clk 00:03:47] [%emt 00:03:43]} Nc8
{[%clk 00:45:43] [%emt 00:03:29]} 37. Bf7+ {[%clk 00:02:51] [%emt 00:01:26]} Kg5
{[%clk 00:45:13] [%emt 00:01:00]} 38. Rd8 {[%clk 00:01:34] [%emt 00:01:47]} Be5
{[%clk 00:40:35] [%emt 00:05:08]} 39. Rg8+ {[%clk 00:00:47] [%emt 00:01:17]} Kf4
{[%clk 00:40:55] [%emt 00:00:09]} 40. Bd5 {[%clk 00:00:34] [%emt 00:00:44]} Na7
{[%clk 00:27:46] [%emt 00:13:39]} 41. Rg7 {[%clk 00:49:14] [%emt 00:01:49]} Nb5
{[%clk 01:13:59] [%emt 00:04:17]} 42. Kd2 {[%clk 00:34:18] [%emt 00:15:27]} Rb6
{[%clk 01:12:56] [%emt 00:01:34]} 43. a7 {[%clk 00:32:46] [%emt 00:02:01]} Nxa7
{[%clk 01:13:21] [%emt 00:00:05]} 44. Rxa7 {[%clk 00:33:14] [%emt 00:00:03]}
Rxb4 {[%clk 01:13:45] [%emt 00:00:06]} 45. Rb7 {[%clk 00:32:55] [%emt 00:00:48]}
Ra4 {[%clk 01:14:07] [%emt 00:00:08]} 46. Rb1 {[%clk 00:32:58] [%emt 00:00:27]}
Ra3 {[%clk 01:13:32] [%emt 00:01:05]} 47. Rf1+ {[%clk 00:32:41] [%emt 00:00:47]}
Kg3 {[%clk 01:13:53] [%emt 00:00:09]} 48. Bb3 {[%clk 00:29:17] [%emt 00:03:53]}
Ra7 {[%clk 01:10:22] [%emt 00:04:01]} 49. Ke2 {[%clk 00:28:44] [%emt 00:01:02]}
Rc7 {[%clk 01:10:35] [%emt 00:00:16]} 50. Rf3+ {[%clk 00:27:41] [%emt 00:01:35]}
Kh4 {[%clk 01:10:43] [%emt 00:00:22]} 51. Kd3 {[%clk 00:17:22] [%emt 00:10:49]}
Kg4 {[%clk 01:10:39] [%emt 00:00:34]} 52. Ke4 {[%clk 00:17:26] [%emt 00:00:26]}
Re7 {[%clk 01:11:04] [%emt 00:00:05]} 53. Rf1 {[%clk 00:15:47] [%emt 00:02:09]}
f5+ {[%clk 01:09:36] [%emt 00:01:58]} 54. Kd5 {[%clk 00:12:45] [%emt 00:03:32]}
f4 {[%clk 01:09:04] [%emt 00:01:02]} 55. Re1 {[%clk 00:12:35] [%emt 00:00:40]}
Kf5 {[%clk 01:09:27] [%emt 00:00:06]} 56. Bc4 {[%clk 00:12:47] [%emt 00:00:18]}
Rd7+ {[%clk 01:09:05] [%emt 00:00:52]} 57. Kc6 {[%clk 00:12:11] [%emt 00:01:06]}
Rd8 {[%clk 01:05:33] [%emt 00:04:02]} 58. Bd3+ {[%clk 00:12:29] [%emt 00:00:12]}
Ke6 {[%clk 01:05:57] [%emt 00:00:06]} 59. Bc4 {[%clk 00:12:49] [%emt 00:00:10]}
Kf6 {[%clk 01:06:23] [%emt 00:00:05]} 60. Rg1 {[%clk 00:06:59] [%emt 00:06:19]}
Bb8 {[%clk 01:05:38] [%emt 00:01:16]} 61. Rg8 {[%clk 00:02:37] [%emt 00:04:52]}
Rxg8 {[%clk 01:01:56] [%emt 00:04:12]} 62. Bxg8 {[%clk 00:03:03] [%emt
00:00:05]} Kg5 {[%clk 00:59:30] [%emt 00:02:55]} 63. Bd5 {[%clk 00:10:37] [%emt
00:07:55]} Kg4 {[%clk 01:12:43] [%emt 00:02:17]} 64. Kc5 {[%clk 00:10:57] [%emt
00:00:12]} Be5 {[%clk 01:13:07] [%emt 00:00:06]} 65. Kc4 {[%clk 00:11:23] [%emt
00:00:04]} f3 {[%clk 01:13:27] [%emt 00:00:09]} 66. Kd3 {[%clk 00:11:50] [%emt
00:00:03]} Kg3 {[%clk 01:13:52] [%emt 00:00:05]} 67. Bc6 {[%clk 00:12:02] [%emt
00:00:18]} Bf6 {[%clk 01:14:07] [%emt 00:00:16]} 68. Bd5 {[%clk 00:12:25] [%emt
00:00:06]} Be5 {[%clk 01:14:32] [%emt 00:00:05]} 69. Bc6 {[%clk 00:12:51] [%emt
00:00:04]} Bf6 {[%clk 01:14:31] [%emt 00:00:31]} 70. Bd5 {[%clk 00:13:15] [%emt
00:00:06]} 1/2-1/2

[Site "Europe Echecs"]